[Event "IRL-ch 100th Weekday op"]
[Site "Dublin"]
[Date "2021.08.05"]
[Round "4"]
[White "Maher, John"]
[Black "O'Connell, Saul"]
[Result "1-0"]
[WhiteElo "1486"]
[BlackElo "777"]
[PlyCount "139"]
[EventDate "2021.08.02"]
[EventType "swiss"]
[EventRounds "5"]
[EventCountry "IRL"]
[SourceTitle "EXT 2022"]
[Source "ChessBase"]
[SourceDate "2021.10.06"]
[SourceVersion "1"]
[SourceVersionDate "2021.10.06"]
[SourceQuality "1"]

1. Nf3 d5 2. d4 Bf5 3. e3 e6 4. Be2 Nf6 5. 0-0 Bb4 6. c3 Bd6 7. c4 b6 8. cxd5 exd5 9. a3 0-0 10. b4 a6 11. Bb2 Qe7 12. Nc3 Nc6 13. Rc1 a5 14. Nb5 Na7 15. Nxd6 Qxd6 16. bxa5 bxa5 17. Nd2 Rab8 18. Ba1 Nb5 19. a4 Na7 20. Nb3 Nc6 21. Bb2 Ne7 22. Ra1 Qb4 23. Bb5 Qd6 24. Ba3 Qd8 25. Nxa5 Rb6 26. Bc5 Re6 27. Bxe7 Qxe7 28. Nc6 Qd6 29. Ne5 h5 30. Qb3 Ng4 31. Nxg4 Bxg4 32. Rfc1 Rg6 33. g3 Rb8 34. Qc2 Bh3 35. Qxc7 Qxc7 36. Rxc7 h4 37. Bf1 Bf5 38. a5 Ra8 39. Bg2 Be4 40. Bf1 Rd6 41. a6 h3 42. a7 Rdd8 43. Bxh3 f5 44. Bf1 Kh7 45. Bb5 Rdb8 46. Bc6 Rxa7 47. Rcxa7 Rb6 48. Bd7 Rb2 49. Rc1 Kh6 50. Bc6 g6 51. Ra5 Kg5 52. Bxd5 Bd3 53. Bg2 Rd2 54. h3 Rb2 55. g4 Kh4 56. gxf5 Bxf5 57. Ra7 Rb6 58. Rh7+ Kg5 59. h4+ Kf6 60. Rhc7 Rb8 61. Kh2 g5 62. R7c6+ Kg7 63. R1c5 Bd3 64. Rxg5+ Kf7 65. Bd5+ Ke7 66. Rg7+ Kf8 67. Rf7+ Ke8 68. Rh6 Bh7 69. Rhxh7 Kd8 70. Rh8# 1-0